000 01154cam a2200349Mi 4500
001 100977
005 20230410103604.0
008 910425s1983 cu 000 0 spa d
035 _a(OCoLC)ocn642199517
040 _aESLEO
_bspa
_cESLEO
035 _a(OCoLC)642199517
080 _a860(87)-94"18"
041 _aspa
050 1 4 _a120 F 2235.3
_bA634 1983
082 0 0 _a980/.02/0924
245 0 0 _aAntología bolivariana /
_cselección y prólogo de Julio Angel Carreras.
260 _aLa Habana :
_bEditorial de Ciencias Sociales,
_c1983.
300 _a351 p. ;
_c18 cm.
490 1 _aHistoria.
504 _aBibliogr. : p. 343-351.
600 1 0 _aBolívar, Simón,
_d1783-1830.
650 0 _aHeads of state
_zSouth America
_xBiography.
651 0 _aLatin America
_xHistory
_yWars of Independence, 1806-1830.
600 1 4 _aBolívar, Simón,
_d1783-1830
_xPensamiento político y social .
600 1 4 _aBolívar, Simón,
_d1783-1830
_xPalabras y frases.
650 4 _a20050500
700 1 _aCarreras, Julio Angel,
_d1923-
830 0 _aHistoria (Editorial de Ciencias Sociales)
942 _2lcc
_cbk
946 _aCV
994 _aC0
_bDRFGD
999 _c21949
_d21949